| 000 | 00536nam a2200205 a 4500 | ||
|---|---|---|---|
| 999 |
_c1800 _d1800 |
||
| 001 | 1800 | ||
| 003 | BD-JhCC | ||
| 005 | 20171024174108.0 | ||
| 008 | 171024s2007 II |||| |||| 000 0 eng d | ||
| 035 | _a(BD-JhCC)1800 | ||
| 040 |
_aBD-JhCC _dBD-JhCC |
||
| 041 | _aeng | ||
| 082 |
_a398.2 _bPYL 2007 |
||
| 100 | _aPyle, Howard | ||
| 245 |
_aThe Merry Adventures of Robin Hood / _cHoward Pyle |
||
| 260 |
_aNew Delhi : _bIndiana Publishig House ; _c2007 |
||
| 300 |
_a238 p. ; _c22 cm |
||
| 650 | _aRobin Hood (Legends) | ||
| 942 |
_2ddc _cBK |
||